Propiedades mecánicas y prácticas constructivas del concreto compactado con rodillo para pavimentos de uso vial (CCRV)
Guardado en:
| Hovedforfatter: | |
|---|---|
| Format: | Bog |
| Udgivet: |
[San José, Costa Rica]
2004
|
| Fag: | |
| Tags: |
Tilføj Tag
Ingen Tags, Vær først til at tagge denne postø!
|
MARC
| LEADER | 00000nam a2200000Ia 4500 | ||
|---|---|---|---|
| 003 | 009350 | ||
| 005 | 20221231144137.0 | ||
| 008 | 140114s2004 cr a m 000 ||s d | ||
| 040 | |c cru CEDI | ||
| 090 | |a TFG 4889 | ||
| 100 | |a Cárdenas Villaplana, Randall |9 6428 | ||
| 245 | |a Propiedades mecánicas y prácticas constructivas del concreto compactado con rodillo para pavimentos de uso vial (CCRV) | ||
| 260 | |c 2004 |a [San José, Costa Rica] | ||
| 300 | |a ix, 99, [4] hojas : ilustraciones | ||
| 500 | |a Tesis (licenciatura en ingeniería civil)--Universidad de Costa Rica, Facultad de Ingeniería, Escuela de Ingeniería Civil | ||
| 650 | |x PAVIMENTOS DE HORMIGON |x COMPACTACION |x PAVIMENTOS |9 6429 | ||
| 942 | |c TFG | ||
| 999 | |c 17531 |d 17531 | ||
